• 首页
  • 本馆介绍
  • 公告通知
  • 最新文献
  • 馆藏检索
  • 电子资源
  • 读者导购
  • 参考咨询
  • 我的图书馆
  • 登录
  • 详细信息显示
  • 放入我的书架
  • 预约/预借图书
  • 作者相关作品
  • 分类相关作品
  • 丛书相关作品
  • 出版社相关作品

书目信息

  • 表格格式
  • 工作单格式
  • 卡片格式
题名:
世界最高峰的奇迹
    
 
作者: 叶永烈 著
分册:  
出版信息: 北京   人民文学出版社  1979.04
页数: 171页
开本: 19cm
丛书名:
单 册:
中图分类: I287.52
科图分类:
主题词: 儿童文学--中国 , 儿童文学--中国--丛书
电子资源:
ISBN:
000 00592nam0 2200217 45
001 0301150912
005 20031219104103.4
010    @dCNY0.36
091    @a10019.2703
100    @a20030115d1979 km y0chiy0120 ea
101 0  @achi
105    @a z 000cy
200 1  @a世界最高峰的奇迹@AShi Jie Zui Gao Feng De Qi Ji@f叶永烈著@FYe Yong Lie Zhu
210    @a北京@c人民文学出版社@d1979.04
215    @a171页@d19cm
606 0  @a儿童文学@x中国
606 0  @a儿童文学@x中国@x丛书
690    @aI287.52@v3
701  0 @a叶永烈@4著
801    @aCN@bTSTC@c20030115
905    @f1@b13018@dI287.52@e19
    
    世界最高峰的奇迹/叶永烈著.-北京:人民文学出版社,1979.04
    171页;19cm
    
    
    ISBN :CNY0.36
    
●
相关链接 在E读中查询图书 在五车中查询图书 在当当中查询图书 在豆瓣中查询图书


正题名:世界最高峰的奇迹     索取号:I287.52/19         预约/预借

序号 登录号 条形码 馆藏地/架位号 状态 备注
1 0013018   001741146   密集书库/ [索取号:I287.52/19] 在馆    
唐山师范学院图书馆 欢迎您!
大连网信软件有限公司© 版权所有